000 00313nam a22001337a 4500
082 _a894.812.3
_bMEE/M
100 _aMEENAKUMARI
245 _aMARUNADAN KUTTIKATHAKAL
250 _aFIRST
260 _aTHRISSUR
_bH&C PUBLISHING HOUSE
_c2006
300 _a96
650 _aSHORT STORY MALAYALAM
_zKERALA
942 _cBK
999 _c1365
_d1365